000 00796nam a2200217 i 4500
001 189510
003 ES-MaACL
005 20230906223505.0
007 t|
008 190606s1943 sp r ||||1| spa d
100 1 _aUgarte, Jesús.
_9111890
245 1 0 _aEstudio analítico de los carbones vegetales /
_cpor Jesús Ugarte.
260 _aMadrid :
_bInstituto Forestal de Investigaciones y Experiencias,
_c1943.
300 _a46 p. :
_bgraf. ;
_c24 cm.
490 1 _aInstituto Forestal de Investigaciones y Experiencias ;
_vAño XIV, nº 28
594 _aPrecede al tít.: Grupo de química.
650 4 _aCarbón vegetal.
_9148087
830 0 _aInstituto Forestal de Investigaciones y Experiencias ;
_vAño XIV, nº 28
_9181435
852 _aES-MaACL
_jP-569-bis-16
999 _c189510
_d189510